The Phantom of the Opera - Gaston Leroux - Trivia Questions - Statistics

General Stats
  • This quiz has been taken 92 times
    89 since last reset
  • The average score is 13 of 31
Answer Stats
Trivia Question Answer % Correct
What colour is the lake before the Phantom's house? Black
76%
What is the name of the opera composed by the Phantom? Don Juan Triumphant
75%
How many sisters does Raoul have? 2
72%
Master Strangulator Master Strangulator
69%
How many hairs is the Phantom said to have on his head? 3 - 4
67%
How many walls does the Phantom's Torture Chamber have? 6
65%
What colour was the horse that the Phantom stole from the opera house's stables? White
61%
What does the Phantom sleep in? A Coffin
56%
What part of the Phantom's face is missing? His Nose
56%
Who was in charge of the phantom's private box? Madame Giry
53%
By what alias does the Phantom always sign his notes with? OG
53%
What colour eyes does the Phantom have? Yellow
51%
Firmin Richard
47%
How many years does it take the Phantom to finish his opera? 20
43%
What are the names of the two new opera house owners? Armand Moncharmin
43%
What is the name of Raoul's brother, Le Comte de Chagny? Philippe
42%
What is the name of the chief scene-shifter that dies at the very beginning of the novel? Joseph Buquet
39%
From under the statue of which god does the Phantom overhear Chrisine and Raoul's plans to run away togtheron the roof of the opera house? Apollo
38%
What name does the Phantom use to address the Persian? Daroga
36%
What is the object found in the Phantom's torture chamber aside from the Punjab Lasso? An Iron Tree
32%
During which opera does the Phantom bring down the chandelier? Faust
32%
What trap of the Phantom's invention guards the approach to his house via the lake? The Siren
29%
What object does Moncharmin demand form Mercier as he tries to inform the managers of Christine's disappearance? A Safety-pin
26%
What is the phantom's face compared to/described as? A Death's Head
25%
What does Christine tell Raoul to dress as for the masquerade ball? A White Domino
25%
Poligny
18%
What is the name of the room the Phantom imprisons Christine in? The Louis-Phillipe Room
18%
What mask does the Phantom wear at the masked ball? None
17%
What name does the Phantom give the bag containing the key to the torture chamber? The Bag of Life and Death
17%
What are the names of the two previous opera house owners? Debienne
15%
What is the Phantom's punjab lasso made out of? Catgut
14%
No matching quizzes found
Score Distribution
Percent of People with Each Score
Percentile by Number Answered
Your Score History
You have not taken this quiz since the last reset